| 000 | 00328nam a22001457a 4500 | ||
|---|---|---|---|
| 020 | _qPB. | ||
| 040 | _cFizza Ishaq | ||
| 082 |
_a621.38 _bJAM |
||
| 100 |
_aMcClellan, James. _9129839 |
||
| 245 |
_aDSP First / _c James McClellan. |
||
| 250 | _a2nd ed. | ||
| 260 |
_bPearson, _c2019. |
||
| 300 | _a639 P. ; | ||
| 942 |
_2ddc _cBK |
||
| 999 |
_c614368 _d614368 |
||